Nastavení managementu podniku k přípravě systému jakosti
Príprava manažmentu podniku na systémový spôsob riadenia budovanie TQM. Niekoľko zásad a pravidiel, ktoré sú potrebné pri zabezpečovaní kvality t.j. TQM. Filozofia budovania TQM.
Salvato in:
| Autore principale: | |
|---|---|
| Natura: | Capitolo di libro |
| Lingua: | ceco |
| Soggetti: | |
| Tags: |
Nessun Tag, puoi essere il primo ad aggiungerne!!
|
MARC
| LEADER | 00000naa a2200000 4500 | ||
|---|---|---|---|
| 001 | r040837 | ||
| 005 | 20230524135211.9 | ||
| 041 | 0 | |a cze | |
| 044 | |a CZ | ||
| 245 | 1 | 0 | |a Nastavení managementu podniku k přípravě systému jakosti |c Vladimír Horáček |
| 520 | |a Príprava manažmentu podniku na systémový spôsob riadenia budovanie TQM. Niekoľko zásad a pravidiel, ktoré sú potrebné pri zabezpečovaní kvality t.j. TQM. Filozofia budovania TQM. | ||
| 610 | 2 | 0 | |a riadenie kvality |
| 610 | 2 | 0 | |a manažment |
| 610 | 2 | 0 | |a TQM |
| 610 | 2 | 0 | |a stratégia podniková |
| 610 | 2 | 0 | |a riadenie systémové |
| 610 | 2 | 0 | |a systém riadenia kvality |
| 100 | 1 | |a Horáček, Vladimír | |